000 00822nam a2200229Ia 4500
003 GCL
008 140319s9999 xx 000 0 ara d
020 _a3652601977
040 _aGCL /
_cGCL
082 0 4 _aق
_b923.21
_bا م
100 1 _aالسيد يوسف
245 1 0 _aمذكرات معتقل سياسى :
_bصفحة من تاريخ مصر /
_cالسيد يوسف
260 _aالقاهرة :
_bالهيئة المصرية العامة للكتاب ،
_c1999
300 _a374 ص ؛
_c22 سم
490 _aتاريخ المصريين
_v166
650 0 4 _aالتراجم الذاتية
650 0 4 _aالسياسة - تاريخ
650 0 4 _aمصر - الاحوال السياسية
650 0 4 _aالسيد يوسف - المذكرات
650 0 4 _aالمذكرات التاريخية
942 _2ddc
_cBK
999 _c56303
_d56303